Vista normal
Vista MARC
- Soriano de Gracia, Victoria
Entrada Nombre de persona
Número de registros utilizados en: 1
001 - NÚMERO DE CONTROL
- campo de control: 1825
003 - IDENTIFICADOR DEL NÚMERO DE CONTROL
- campo de control: ES-MaFIAP
005 - FECHA Y HORA DE LA ÚLTIMA TRANSACCIÓN
- campo de control: 20231128153941.0
008 - DATOS DE LONGITUD FIJA
- campo de control de longitud fija: 231128|| aca||aabn | a|a d
040 ## - FUENTE DE LA CATALOGACIÓN
- Centro catalogador/agencia de origen: ES-MaFIAP
- Centro/agencia transcriptor: ES-MaFIAP
100 ## - ENCABEZAMIENTO-NOMBRE DE PERSONA
- Nombre de persona: Soriano de Gracia, Victoria
- Fechas asociadas al nombre: 1951-
670 ## - FUENTE DE DATOS ENCONTRADOS
- Cita de la fuente: Work cat.: (ES-MaFIAP)677: Soriano de Gracia, Victoria 1951- XX1479615, Intervención temprana en Europa: organización de servicios y asistencia a los niños y sus familias , 1999





